Sports Quiz

Random Sports or NCAA Quiz

NCAA Tournament Upsets of the 2000's Quiz Stats

 Plays Quiz not verified by Sporcle

Also try: Golf Scoring
Challenge
Share
Tweet
Embed
Score 0/56 Timer 08:00
0 Plays Today
Year Team (seed) % Correct
2006George Mason (11)
75%
2000Gonzaga (10)
70.8%
2001Gonzaga (12)
70.8%
2008Western Kentucky (12)
63.3%
2009Western Kentucky (12)
63.3%
2001Butler (10)
58.8%
2003Butler (12)
58.8%
2009Wisconsin (12)
58.3%
2009Michigan (10)
56.3%
2005Vermont (13)
55.8%
2005Bucknell (14)
54.6%
2008Kansas State (11)
54.2%
2008Davidson (10)
53.3%
2002Creighton (12)
52.9%
2007VCU (11)
52.1%
2009Arizona (12)
52.1%
2004Nevada (10)
50.4%
2009Dayton (11)
50.4%
2009Southern California (10)
49.2%
2006Bradley (13)
47.9%
2008San Diego (13)
46.3%
2006Texas A&M (12)
45.8%
2001Hampton (15)
44.6%
2009Maryland (10)
44.6%
2008Villanova (12)
44.2%
2006Alabama (10)
43.8%
2002Missouri (12)
43.3%
2001Utah State (12)
42.5%
Year Team (seed) % Correct
2008Siena (13)
42.5%
2005North Carolina State (10)
38.8%
2006Northwetern State (14)
38.8%
2006North Carolina State (10)
38.8%
2001Kent State (13)
38.3%
2002Kent State (10)
38.3%
2009Cleveland State (13)
38.3%
2002Southern Illinois (11)
37.1%
2001Temple (11)
35.4%
2003Arizona State (10)
34.2%
2005UAB (11)
34.2%
2002Tulsa (12)
32.9%
2003Tulsa (13)
32.9%
2001Georgetown (10)
31.3%
2001Indiana State (13)
30.4%
2003Auburn (10)
30.4%
2004Manhattan (12)
29.6%
2002Wyoming (11)
27.1%
2002UNC-Wilmington (13)
25.8%
2005UW-Milwaukee (12)
25%
2006Montana (12)
25%
2006UW-Milwaukee (11)
25%
2007Winthrop (11)
25%
2000Seton Hall (10)
24.2%
2004Pacific (12)
23.3%
2003Central Michigan (11)
19.2%
2000Pepperdine (11)
18.8%
2001Georgia State (11)
10.8%

You're not logged in!

Compare scores with friends on all Sporcle quizzes.
OR
Log In

You Might Also Like...

Show Comments

Extras

Top Quizzes Today


Score Distribution

Your Account Isn't Verified!

In order to create a playlist on Sporcle, you need to verify the email address you used during registration. Go to your Sporcle Settings to finish the process.

Report this User

Report this user for behavior that violates our Community Guidelines.

Details: